000 00327 a2200157 4500
001 61276
020 _a8585031816
040 _cAnchieta - Pituba
100 _aLovisolo, Hugo
240 1 0 _aEducação Física
_lpor
245 1 0 _aEducação Física
300 _a152
362 0 _a1995
650 4 _aEducação
942 _cBK
999 _c61276
_d61276